Global trends in the dairy industry outlook for the Baltics

Salvato in:
Dettagli Bibliografici
Natura: Libro
Lingua:inglese
Pubblicazione: Paris OECD 2002
Soggetti:
Tags: Aggiungi Tag
Nessun Tag, puoi essere il primo ad aggiungerne!!

MARC

LEADER 00000nam a2200000 4500
001 c137049
005 20221221092122.1
020 |a 92-64-19766-4 
041 0 |a eng 
044 |a FR 
245 1 0 |a Global trends in the dairy industry  |b outlook for the Baltics 
264 1 |a Paris  |b OECD  |c 2002 
300 |a 185 s. 
610 2 0 |a mlieko 
610 2 0 |a priemysel mliekarský 
610 2 0 |a technológia výroby 
610 2 0 |a konkurencia medzinárodná 
610 2 0 |a dovoz 
610 2 0 |a vývoz 
610 2 0 |a globalizácia 
610 2 0 |a Estónsko 
610 2 0 |a Litva 
610 2 0 |a Lotyšsko 
610 2 0 |a svet 
610 2 0 |a OECD